000 00590 a2200193 4500
999 _c7990
_d7990
020 _a9781138791466
050 _aML102 ORG 2006
245 _aThe Organ :
_ban Encyclopedia/
_cedited by Douglas Earl Bush; Richard Kassel
250 _a2nd ed.
264 _aNew York:
_bRoutledge,
_c2015.
300 _axiii, 679 pages :
_b ill.
500 _aincludes bibliography
650 _aOrgan (Musical instrument) -- Encyclopedias.
650 _aOrgan (Musical instrument)
650 _aMusic
700 _aBush, Douglas E.
700 _aKassel, Richard
942 _2lcc
_cBK
_e2nd.
_h102
_iORG
_kML